Baby boy names The Netherlands (2015) - Statistics

General Stats
  • This quiz has been taken 100 times
  • The average score is 7 of 20
Answer Stats
Rank Name % Correct
1 Luuk
66%
7 Noah
55%
2 Liam
54%
3 Lucas
52%
16 Tim
52%
15 Sam
50%
11 Max
49%
4 Sem
41%
14 Thomas
41%
5 Daan
37%
12 Bram
26%
13 Thijs
26%
18 Lars
22%
8 Finn
21%
10 Jesse
21%
19 Mees
21%
9 Levi
20%
6 Milan
18%
17 Ruben
15%
20 Jayden
13%
No matching quizzes found
Score Distribution
Percent of People with Each Score
Percentile by Number Answered
Your Score History
You have not taken this quiz